000 00505nam a2200193Ia 4500
005 20240823022509.0
008 240823s9999||||xx |||||||||||||| ||und||
020 _a0-07-060795-8
041 _aENGLISH
082 _A658.4032 P6
100 _a"Horn,Richard Van L"
245 0 _aInformation Systems Solutions : A Project Approach
250 _a1st
260 _c2006
_b"Tata Mcgraw Hill,New "
500 _aTRANSFERED
650 _aInformation
_bManagement Studies
942 _cBK
999 _c179308
_d179308